000 00983nas a2200301 4500
001 BR0802410
003 BR-BrBNA
005 20231205111956.0
007 ta
008 230509b bl.|||p| |||| 00| 00por d
040 _aBR-BrBNA
_bpor
_cBiblioteca Nacional de Agricultura
041 _a(Pt)
072 _aP10; M12; Q03
100 1 _aGalvão, J.A.
100 1 _aFurlan, E.F.
100 1 _aSalán, E. de O.
100 1 _aPorto, E.
100 1 _aOetterer, M.
245 1 _aCaracterísticas físico-químicas e microbiológicas (Staphylococcus aureus e Bacillus cereus)da água e dos mexilhões cultivados na região de Ubatuba, SP
650 _aMEXILHÃO
650 _aÁGUA
650 _aCONTAMINAÇÃO
650 _aANÁLISE MICROBIOLÓGICA
650 _aSEGURANÇA ALIMENTAR
773 0 _tCiência e Agrotecnologia (Brazil)
_xISSN 1413-7054
_g(Nov-Dec 2006), v. 30(6) p. 1124-1129
_wBR0802410
909 _a202311
_bLúcia
_c55
_dLúcia Elande
942 _2AGRIS
_n0
_cANA
999 _c195420
_d195420